Générique Nadia, le secret de l'eau bleue - Paroles - Statistiques

Statistiques générales
  • Ce quiz a été pris 7 fois
  • Le résultat moyen est 20 sur 28
Statistiques - réponses
Paroles % Correct
Le secret de l'{eau} bleue
100%
Le secret de l'{eau} bleue
100%
Mais {heureusement}
100%
Nadia, {Nadia}
100%
Nadia, {Nadia}
100%
Toute seule à {Paris}
100%
Une petite {fille}
100%
Veille son ami {Jean}
100%
Vers d'autres {horizons}
100%
Au fond de son {coeur}
86%
Elle est {menacée}
86%
Le secret de l'{eau} bleue
86%
Nadia, {Nadia}
86%
Par un très grand {danger}
86%
Un grand {secret}
86%
Cachés dessous les {mers}
71%
C'est celui du {bonheur}
71%
Elle part en {avion}
71%
Qui brillent au {soleil}
71%
Tout plein de {merveilles}
71%
L'empêcher de {gagner}
57%
Ne pourront {jamais}
57%
Qui viennent la {menacer}
43%
D'autres {univers}
29%
L'océan {déchainé}
29%
Mais elle a {toujours}
29%
Et tous les {orages}
14%
Tous les gros {nuages}
14%
Aucun quiz correspondant
Distribution des résultats
% des personnes avec chaque résultat
Percentile par nombre de réponses
Votre historique - résultats
Vous n’avez pas pris ce quiz